Kenen mainoslause?? - Statistics

Yleistilastot
  • Tätä visaa on pelattu 177 kertaa
  • Keskiarvotulos 10 / 27
Vastaustilastot
Hint Vastaus % Oikein
Oman kylän kauppa K-market
89%
Rakkaudesta suomalaiseen maitoon Valio
85%
Hyvä ruoka - parempi mieli Atria
84%
Just do it. Nike
84%
i'm lovin' it McDonald's
81%
_______ siivous sujuu Sinillä
76%
Se nyt vaan on tyhmää maksaa liikaa Gigantti
74%
Hyvä mutta halpa Prisma
67%
Yhteisellä matkalla VR
54%
Illaksi pois kotoa. Finnair
50%
eat fresh. Subway
49%
Aina tulee sanomista Sanoma
37%
Hyvinvointia rakentamassa Orion Pharma
27%
Auttaa. Hoitaa. Huolehtii Mehiläinen
24%
Rakkaudesta tekemiseen. Biltema
17%
Jotta kaikilla olisi mahdollisuus elää hyvää arkea Halpahalli
16%
Iloa elämään Veikkaus
14%
Suomalaisten oma aurinko Minisun
12%
Se edullisen ostamisen tavaratalo Kärkkäinen
11%
Ainoa suunta on eteenpäin Neste
10%
Elämänjanoa etsimässä Novelle
10%
Mutkaton arki on jokamiehenoikeus. Pirkka
9%
Saa syödä Elovena
5%
Luo vihreämpää maailmaa Biolan
2%
Kanssasi surun kohdatessa A. Kova OY
1%
Toimivampi maailma Destia
1%
Näytä tunteesi Karto
1%
Ehtoja vastaavia visoja ei löytynyt
Tulosjakauma
Jokaisen tuloksen saaneiden osuus
Persentiili vastausten määrän mukaan
Tuloshistoriasi
Et ole pelannut tätä visaa